| 000 | 01168nam a2200349 i 4500 | ||
|---|---|---|---|
| 001 | 30609 | ||
| 003 | KOSZ 005 | ||
| 005 | 20191030110525.0 | ||
| 008 | 970510s1993 pl a |000 0 pol | ||
| 015 | _aPB 1994/2634 | ||
| 020 | _a8301109874 | ||
| 035 | _a(OCoLC)749766082 | ||
| 040 |
_aWA N _cWA N _dKOSZ 005/EG |
||
| 046 | _k1993 | ||
| 080 | _a517.9:519.2 | ||
| 080 | _a(075.8) | ||
| 100 | 1 |
_aSocha, Lesław. _eAutor |
|
| 245 | 1 | 0 |
_aRównania momentów w stochastycznych układach dynamicznych / _cLesław Socha. |
| 260 |
_aWarszawa : _bWydaw. Naukowe PWN, _c1993. |
||
| 300 |
_a419, [1] s. : _bwykr. ; _c21 cm. |
||
| 380 | _aKsiążki. | ||
| 490 | 1 | _aBNI Biblioteka Naukowa Inżyniera. | |
| 504 | _aBibliogr. s. 389-419. | ||
| 655 | 4 | _aPodręczniki akademickie | |
| 650 | 4 | _aRównania różniczkowe | |
| 650 | 4 | _aUkład dynamiczny | |
| 650 | 4 | _aRachunek prawdopodobieństwa | |
| 710 | 2 |
_aWydawnictwo Naukowe PWN _4pbl. |
|
| 856 |
_uhttp://koha.tu.koszalin.pl/cgi-bin/koha/opac-detail.pl?biblionumber=30609 _zKatalog online BPK |
||
| 830 | 0 | _aBNI Biblioteka Naukowa Inżyniera | |
| 942 |
_2UKD _cKS |
||
| 999 |
_c30609 _d30609 |
||